000 00356nam a2200145 4500
003 AR-RoIUNI
005 20250908085708.0
008 250908b |||||||| |||| 00| 0 spa d
040 _cAR-RoIUNI
080 _a371.13(091)
100 _aGarcia, Alejandra Luna
245 _aHistorizando la formacion docente
650 _aPsicologia
_9108
942 _2cdu
_cBK
999 _c6236
_d6236